Extrakcia vybraných nitroaromatických látok mikroextrakciou sorbentom naplneným v ihle striekačky s následnou plynovou chromatografiou

Gespeichert in:
Bibliographische Detailangaben
1. Verfasser: Štulajterová, Martina (Verfasst von)
Weitere Verfasser: Hrouzková, Svetlana (Betreuung Doktorarbeit)
Format: Manuskript Buch
Sprache:Slowakisch
Veröffentlicht: 2020
Schlagworte:
Online-Zugang:http://is.stuba.sk/zp/portal_zp.pl?podrobnosti=158102
Tags: Tag hinzufügen
Keine Tags, Fügen Sie das erste Tag hinzu!

MARC

LEADER 00000ntm a22000003a 4500
001 stuzp79762
003 SK-STU
005 20200718211619.6
007 ta
008 150427s2015----xo-----f-mn---000-0-slo-d
040 |a STU  |b slo 
041 0 |a slo 
100 1 |a Štulajterová, Martina  |u 041000  |4 aut  |U FCHPT Fakulta chemickej a potravinárskej technológie  |T FCHPT Ústav analytickej chémie  |X 81858  |U C1000  |Y 99  |7 81858 
242 0 1 |a Extraction of selected nitroaromatic compounds using microextraction by sorbent packed in syringe needle followed by gas chromatography  |y eng 
245 1 0 |a Extrakcia vybraných nitroaromatických látok mikroextrakciou sorbentom naplneným v ihle striekačky s následnou plynovou chromatografiou 
260 |c 2020 
650 4 |a plynová chromatografia  |2 slo 
650 4 |a nitroaromatické látky  |2 slo 
650 4 |a energetické materiály  |2 slo 
650 4 |a separácia látok  |2 slo 
650 4 |a gas chromatography  |2 eng 
650 4 |a nitroaromatic substances  |2 eng 
650 4 |a energetic materials  |2 eng 
650 4 |a separation of substances  |2 eng 
700 1 |a Hrouzková, Svetlana  |u 041000  |k Z1  |4 ths  |U FCHPT Fakulta chemickej a potravinárskej technológie  |T FCHPT Ústav analytickej chémie  |X 3892  |U C1000  |Y 99  |7 A000003892 
856 4 |u http://is.stuba.sk/zp/portal_zp.pl?podrobnosti=158102